[Event "ENG-ch Seniors"]
[Site "Dovedale"]
[Date "2008.01.30"]
[Round "3"]
[White "Kendall, Paul SN"]
[Black "Walters, Keith"]
[Result "1-0"]
[WhiteElo "2069"]
[BlackElo "1640"]
[PlyCount "129"]
[EventDate "2008.01.28"]
[EventType "swiss"]
[EventRounds "5"]
[EventCountry "ENG"]
[SourceTitle "EXT 2009"]
[Source "ChessBase"]
[SourceDate "2008.11.26"]
[SourceVersion "1"]
[SourceVersionDate "2008.11.26"]
[SourceQuality "1"]

1. e4 b6 2. Nc3 c5 3. Nf3 Bb7 4. d3 d6 5. g3 g6 6. Bg2 Bg7 7. 0-0 Nf6 8. h3 0-0 9. Be3 e5 10. Qd2 Nc6 11. Bh6 Nd4 12. Bxg7 Kxg7 13. Nxd4 cxd4 14. Ne2 Rc8 15. f4 Nd7 16. Rf2 f5 17. c3 dxc3 18. Nxc3 Nc5 19. Qe3 Rc7 20. Rd1 Qf6 21. Nb5 Re7 22. b4 Na4 23. d4 exf4 24. Qxf4 Bxe4 25. Qxd6 Qxd6 26. Nxd6 Bxg2 27. Kxg2 Rd8 28. Nc4 Red7 29. Rc1 Rxd4 30. Ne5 Rd2 31. Rc7+ Kf6 32. Rxa7 Rxf2+ 33. Kxf2 Rd2+ 34. Ke3 Rxa2 35. Nd7+ Ke6 36. Nf8+ Kd5 37. Nd7 Kc6 38. Ne5+ Kb5 39. Nd3 Ra3 40. Rd7 Kc4 41. Rc7+ Kb5 42. Kd4 Rb3 43. Rxh7 Nb2 44. Nxb2 Rxb2 45. Rg7 Kxb4 46. Rxg6 b5 47. h4 Ka3 48. Ke5 Rf2 49. Ra6+ Kb3 50. h5 b4 51. h6 Rh2 52. Kxf5 Kc3 53. g4 b3 54. Kg6 b2 55. Rb6 Kc2 56. h7 b1Q 57. Rxb1 Kxb1 58. Kg7 Rg2 59. h8Q Rxg4+ 60. Kf6 Rc4 61. Ke5 Kc2 62. Kd5 Rc3 63. Kd4 Rd3+ 64. Ke4 Rc3 65. Qa8 1-0